01539nmm a2200241 i 4500003000900000005001700009007000300026008004100029040003300070100004000103245028500143264003800428300005200466336002700518337002900545338003800574347003100612502019700643504003400840505023900874700004401113856014001157DO-SdISF20250401151405.0ta240130s2020 dr ||||fo||d| 00| 0 spa d aCGIP0039bspaerdacCGIP00391 aBueno Pérez, Junior Joséeautor10a Salud percibida, satisfacción de las necesidades psicológicas básicas, motivación y conductas de salud: comparación entre la etapa de la educación secundaria y la universitaria /csustentante : Junior José Bueno Pérez ; asesor: Roberto Francisco Ferriz Morell 1aSanto Domingo : bISFODOSU,c2020 a1 recurso en línea (105 hojas)bilustraciones 2rdacontentatextobtxt 2rdamediaacomputadorabc 2rdacarrierarecurso en líeabcr 2rdaaarchivo de textobPDF aTesis para optar por el título de Maestría en Educación Física Integral - Instituto Superior de Formación Docente Salomé Ureña - ISFODOSU, Recinto Eugenio María de Hostos, 2020 aBibliografía en página 67 aIntroducción al problema de investigación 1 – Revisión de la literatura 13 – Metodología 38 – Presentación de los resultados 50 – Interpretación de los resultados 55 - Referencias bibliográficas 67 – anexos 851 aFerriz Morell, Roberto Franciscoeautor yClic para ver Texto Completouhttps://biblioteca.isfodosu.edu.do/cgi-bin/koha/opac-retrieve-file.pl?id=8f088e57249a04f75c828098041ccd6e